000 01188cam a2200337 a 4500
001 EDZ0000159295
003 StDuBDS
005 20161031105238.0
006 m||||||||d||||||||
007 cr |||||||||||
008 130912s1994 cau fo| 000|0|eng|d
020 _a9781483327006 (ebook) :
_cNo price
040 _aStDuBDS
_beng
_cStDuBDS
_epn
049 _aAlfaisal Main Library
050 4 _aHV7936.C83
_bC43 1994
082 0 4 _a363.2
_223
245 0 4 _aThe challenge of community policing
_h[electronic resource] :
_btesting the promises /
_cDennis P. Rosenbaum, editor.
260 _aThousand Oaks, Calif. :
_bSAGE,
_cc1994.
300 _a1 online resource (xvi, 320 p.)
521 _aSpecialized.
588 _aDescription based on print version record.
650 0 _aCommunity policing.
650 0 _aCommunity policing
_zUnited States.
650 0 _aCommunity policing
_zCanada.
655 7 _aElectronic books.
_2local
700 1 _aRosenbaum, Dennis P.
710 2 _aSage eBooks
776 0 8 _iPrint version :
_z9780803954434
856 4 0 _uhttp://ezproxy.alfaisal.edu/login?url=http://sk.sagepub.com/books/the-challenge-of-community-policing
942 _2lcc
_cEBOOKS
999 _c482572
_d482572